02056 2200865 4500990001700000990001700017990001700034990001700051990001700068990001700085990001700102990001700119990001700136990001700153990001700170990001700187990001700204990001700221990001700238990001700255990001700272990001700289990001700306990001700323990001700340990001700357990001700374990001700391990001700408990001700425990001700442990001700459990001700476990001700493990001700510990001700527990001700544990001700561990001700578990001700595990001700612990001700629990001700646990001700663990001700680990001700697990001700714990001700731990001700748990001700765990001700782990001700799990001700816990001700833990001700850990001700867990001700884990001700901990001700918990001700935990001700952990001700969990001700986990001701003990001701020990001701037990001701054990001701071990001701088990001701105990001701122990001701139990001701156990001701173 a001201807551 a001201802954 a001201802955 a001201802956 a001201802957 a001201802958 a001201807549 a001201807550 a001201905075 a001201905076 a001201905077 a001201905078 a001201905079 a001201905080 a001201905081 a001201905082 a001201905083 a001201905081 a001201802954 a001201802955 a001201802956 a001201802957 a001201802958 a001201807549 a001201807550 a001201807551 a001201905075 a001201905076 a001201905077 a001201905078 a001201905079 a001201905080 a001201905082 a001201905083 a001201807550 a001201802954 a001201802955 a001201802956 a001201802957 a001201802958 a001201807549 a001201807551 a001201905075 a001201905076 a001201905077 a001201905078 a001201905079 a001201905080 a001201905081 a001201905082 a001201905083 a001201802956 a001201802954 a001201802955 a001201802957 a001201802958 a001201807549 a001201807550 a001201807551 a001201905075 a001201905076 a001201905077 a001201905078 a001201905079 a001201905080 a001201905081 a001201905082 a001201905083 a001202104768 a001202104769